000 00351nam a2200157Ia 4500
003 GCL
040 _aGCL /
_cGCL
082 0 4 _a297.122
_bR K
100 1 _aRIICRERT,FRIEDRICH
245 1 0 _aDER KORAN /
_cRIICRERT,FRIEDRICH
260 _a[S.N] :
_bERGON UERLAG ،
_c1995
300 _a573P
650 0 4 _aنجد
650 0 4 _aKORAN
942 _2ddc
_cBK
999 _c12119
_d12119